[Event "British Rapidplay"]
[Site "Halifax ENG"]
[Date "2010.11.20"]
[Round "1"]
[White "Payne, Matthew J"]
[Black "Howell, David W L"]
[Result "0-1"]
[BlackTitle "GM"]
[WhiteElo "1849"]
[BlackElo "2611"]
[WhiteFideId "417084"]
[BlackFideId "410608"]
[EventDate "2010.11.20"]

1. e4 c6 2. d4 d5 3. f3 Qb6 4. Ne2 dxe4 5. fxe4 e5 6. Nbc3 Nf6 7. Be3 Qxb2 8.
dxe5 Bb4 9. Bd4 Nxe4 10. Rb1 Qa3 11. Rb3 Qa5 12. a3 Bxc3+ 13. Nxc3 O-O 14. Bd3
Nc5 15. O-O Nxd3 16. Qxd3 Qd8 17. Ne4 b6 18. Qe3 c5 19. Bb2 Nc6 20. Qg3 Nd4 21.
Re3 Nf5 22. Rxf5 Bxf5 23. e6 Bg6 24. e7 Qxe7 25. Nf6+ Qxf6 26. Bxf6 gxf6 27. h4
h5 28. Rf3 Kg7 29. Qf4 f5 30. Qg5 f6 31. Qg3 Kh7 32. Rd3 Rf7 33. Rd6 Re8 34. Qc3
Kg7 35. Qd3 Re4 36. Rd7 Ree7 37. Rd6 Re4 38. Rd7 Rxh4 39. Rxf7+ Bxf7 40. Qxf5
Rg4 41. Qd7 Kg6 42. Qxa7 Bd5 43. Qxb6 c4 44. Qe3 Rxg2+ 45. Kf1 Rxc2 46. Qe8+ Kg5
47. Qe3+ Kf5 48. Qh3+ Ke4 49. Qxh5 f5 50. Qd1 Rc3 51. Qe1+ Re3 52. Qh4+ f4 53.
Qe7+ Kf3 54. Qd6 Be4 55. Qd1+ Kg3 56. Qd2 Bd3+ 57. Kg1 Re2 58. Qd1 f3 0-1

[Event "British Rapidplay"]
[Site "Halifax ENG"]
[Date "2010.11.20"]
[Round "1"]
[White "Hebden, Mark L"]
[Black "Raoof, Adam N"]
[Result "1-0"]
[WhiteTitle "GM"]
[WhiteElo "2560"]
[BlackElo "2149"]
[WhiteFideId "400084"]
[BlackFideId "405230"]
[EventDate "2010.11.20"]

1. d4 e6 2. Nf3 d5 3. c4 c6 4. e3 f5 5. Nc3 Nf6 6. Qc2 Bd6 7. Ne5 O-O 8. f4 Bxe5
9. dxe5 Ne4 10. Nxe4 fxe4 11. Bd2 b6 12. Be2 Bb7 13. O-O Qe7 14. b4 Nd7 15. a4
c5 16. cxd5 exd5 17. a5 c4 18. Bc3 bxa5 19. Rxa5 Nb6 20. Qd2 Qe6 21. Qd4 g6 22.
h3 h5 23. Rfa1 Nc8 24. Rb5 Bc6 25. Ra6 Nb6 26. Rba5 Rf7 27. b5 Be8 28. Rxb6 1-0

[Event "British Rapidplay"]
[Site "Halifax ENG"]
[Date "2010.11.20"]
[Round "1"]
[White "Summerscale, Aaron P"]
[Black "Maroroa, Sue"]
[Result "1-0"]
[WhiteTitle "GM"]
[BlackTitle "WIM"]
[WhiteElo "2434"]
[BlackElo "2019"]
[WhiteFideId "400980"]
[BlackFideId "4301498"]
[EventDate "2010.11.20"]

1. d4 d5 2. c4 e6 3. Nc3 Nf6 4. cxd5 exd5 5. Bg5 Be7 6. e3 c6 7. Qc2 Nbd7 8. Bd3
O-O 9. Nf3 Re8 10. O-O Nf8 11. h3 g6 12. Rab1 Ne6 13. Bh4 Ng7 14. b4 Bf5 15. b5
Bxd3 16. Qxd3 Nf5 17. Bxf6 Bxf6 18. bxc6 bxc6 19. Na4 Qa5 20. Qc2 Rac8 21. Rfc1
Nd6 22. Qc5 Qxa4 23. Qxd6 Be7 24. Qd7 Ba3 25. Ng5 Be7 26. Nf3 Qxa2 27. Ne5 Kf8
28. Nxc6 Ba3 29. Rb7 Be7 30. Rc5 Qa4 31. Rxa7 Qd1+ 32. Kh2 1-0

[Event "British Rapidplay"]
[Site "Halifax ENG"]
[Date "2010.11.20"]
[Round "1"]
[White "Keely, Roger"]
[Black "Burns-Mannion, Stephen R"]
[Result "1-0"]
[BlackTitle "IM"]
[WhiteElo "2040"]
[BlackElo "2353"]
[WhiteFideId "408263"]
[BlackFideId "2400111"]
[EventDate "2010.11.20"]

1. e4 e5 2. Nf3 Nc6 3. Bb5 a6 4. Ba4 Nf6 5. O-O Be7 6. Bxc6 dxc6 7. Qe1 Nd7 8.
Nc3 O-O 9. d3 Bd6 10. Be3 c5 11. Nd2 Nb8 12. f4 exf4 13. Bxf4 Nc6 14. Nd5 Be6
15. Ne3 Bxf4 16. Rxf4 Ne5 17. Kh1 Qd6 18. Qf2 Rad8 19. Rf1 b5 20. Nf5 Bxf5 21.
exf5 c4 22. Ne4 Qb6 23. d4 Nd7 24. f6 Nxf6 25. Rxf6 gxf6 26. Nxf6+ Kg7 27. Qg3+
Kh8 28. Qh4 Qxf6 29. Qxf6+ Kg8 30. Rf3 1-0

[Event "British Rapidplay"]
[Site "Halifax ENG"]
[Date "2010.11.20"]
[Round "2"]
[White "Howell, David W L"]
[Black "Woodcock, Simon"]
[Result "1-0"]
[WhiteTitle "GM"]
[WhiteElo "2611"]
[BlackElo "2104"]
[WhiteFideId "410608"]
[BlackFideId "415316"]
[EventDate "2010.11.20"]

1. e4 d5 2. exd5 Qxd5 3. Nc3 Qa5 4. d4 c6 5. Bc4 Nf6 6. Nf3 Bg4 7. h3 Bxf3 8.
Qxf3 e6 9. O-O Be7 10. Ne2 Nbd7 11. c3 Nb6 12. Bb3 O-O 13. Re1 Nbd5 14. Bd2 Bd6
15. Rad1 Qd8 16. c4 Ne7 17. Bc2 Ng6 18. g3 b5 19. c5 Be7 20. Qxc6 a6 21. Bb3 h5
22. Bc2 Qd5 23. Qxd5 Nxd5 24. Nc3 Bf6 25. Bxg6 fxg6 26. Rxe6 Nc7 27. Rc6 Bxd4
28. Rxc7 Rxf2 29. Kh1 Raf8 30. Bf4 Bf6 31. Ne4 Rxb2 32. Nxf6+ Rxf6 33. Be5 1-0

[Event "British Rapidplay"]
[Site "Halifax ENG"]
[Date "2010.11.20"]
[Round "2"]
[White "Turner, Matthew J"]
[Black "Sanders, Isaac B"]
[Result "1-0"]
[WhiteTitle "GM"]
[WhiteElo "2517"]
[BlackElo "1978"]
[WhiteFideId "402893"]
[BlackFideId "417661"]
[EventDate "2010.11.20"]

1. c4 Nf6 2. g3 g6 3. Bg2 Bg7 4. Nc3 O-O 5. e4 d6 6. Nge2 c5 7. O-O Nc6 8. a3
Ne8 9. Rb1 a5 10. d3 Nc7 11. Bd2 Nd4 12. Nxd4 cxd4 13. Na4 Ne6 14. b4 axb4 15.
axb4 Bd7 16. b5 Qc7 17. Ra1 b6 18. e5 Ra7 19. exd6 exd6 20. Qf3 Nc5 21. Nxc5
Rxa1 22. Rxa1 dxc5 23. Qd5 Bf5 24. Bf4 Qd8 25. Bd6 Re8 26. Ra7 Qf6 27. Ra8 Bd7
28. Bxc5 bxc5 29. Qxd7 Rxa8 30. Bxa8 Qb6 31. Bd5 Qf6 32. b6 Qf5 33. Qe8+ Bf8 34.
b7 1-0

[Event "British Rapidplay"]
[Site "Halifax ENG"]
[Date "2010.11.20"]
[Round "2"]
[White "Haslinger, Stewart G"]
[Black "Hart, David P O"]
[Result "1/2-1/2"]
[WhiteTitle "GM"]
[WhiteElo "2543"]
[BlackElo "2018"]
[WhiteFideId "405248"]
[BlackFideId "412465"]
[EventDate "2010.11.20"]

1. e4 c5 2. Nf3 d6 3. c3 Nf6 4. h3 Nbd7 5. Bd3 b6 6. O-O Bb7 7. Re1 e6 8. Bc2 c4
9. b3 b5 10. Na3 cxb3 11. axb3 a6 12. d4 Be7 13. Bb2 Qc7 14. c4 b4 15. Nb1 e5
16. Nbd2 O-O 17. Nf1 Rfe8 18. Ng3 Bf8 19. Rc1 a5 20. Bb1 Rad8 21. Nf5 g6 22. Ng3
Bg7 23. Qe2 exd4 24. Bxd4 Nc5 25. Qb2 Qe7 26. Nf5 gxf5 27. exf5 Ne6 28. fxe6
fxe6 29. Ng5 e5 30. Qc2 Ne4 31. Nxe4 exd4 32. Qd2 Bxe4 33. Rxe4 Qf6 34. Rce1 Rf8 1/2-1/2

[Event "British Rapidplay"]
[Site "Halifax ENG"]
[Date "2010.11.20"]
[Round "2"]
[White "Keely, Roger"]
[Black "Birtwistle, Nigel"]
[Result "0-1"]
[WhiteElo "2040"]
[BlackElo "2229"]
[WhiteFideId "408263"]
[BlackFideId "406945"]
[EventDate "2010.11.20"]

1. e4 c5 2. Nf3 g6 3. c3 Bg7 4. Bc4 e6 5. d3 Ne7 6. Be3 b6 7. Qd2 h6 8. d4 d6 9.
Bb5+ Bd7 10. Be2 Bc6 11. dxc5 bxc5 12. e5 Nd5 13. exd6 Nxe3 14. Qxe3 Qxd6 15.
Nbd2 O-O 16. Ne4 Bxe4 17. Qxe4 Nd7 18. Rd1 Qc7 19. O-O Nf6 20. Qc4 Qb6 21. Rd2
Rab8 22. Rfd1 Nd5 23. Ne1 Qa5 24. Nd3 Rfc8 25. a3 Nb6 26. Qe4 Qa4 27. Qe3 Nc4
28. Qf4 Nxb2 29. Qxa4 Nxa4 30. Rc1 Nxc3 31. Bf3 Rb3 32. Ne1 Rxa3 33. Nc2 Ra2 34.
Rd7 a5 35. Ra7 Nb5 36. Rb7 Nd4 37. Be4 Ne2+ 0-1

[Event "British Rapidplay"]
[Site "Halifax ENG"]
[Date "2010.11.20"]
[Round "3"]
[White "Birtwistle, Nigel"]
[Black "Howell, David W L"]
[Result "0-1"]
[BlackTitle "GM"]
[WhiteElo "2229"]
[BlackElo "2611"]
[WhiteFideId "406945"]
[BlackFideId "410608"]
[EventDate "2010.11.20"]

1. d4 Nf6 2. c4 g6 3. Nc3 d5 4. Nf3 Bg7 5. Bf4 O-O 6. Rc1 c6 7. e3 Bg4 8. Qb3
Bxf3 9. gxf3 b6 10. cxd5 cxd5 11. Bg5 e6 12. Be2 a6 13. Na4 Nbd7 14. Bf4 b5 15.
Nc5 Qa5+ 16. Qc3 b4 17. Qd2 Rfc8 18. Nxd7 Nxd7 19. Rxc8+ Rxc8 20. O-O e5 21.
dxe5 Nxe5 22. Rc1 Nc4 23. Bxc4 dxc4 24. Qd7 Qc5 25. Bd6 Qg5+ 26. Kf1 Rd8 27. Qc7
c3 28. bxc3 bxc3 29. Be7 Qb5+ 30. Kg1 Re8 31. Ba3 h5 32. Rxc3 Bxc3 33. Qxc3 Rb8
34. f4 Qf5 35. Bb2 Qb1+ 0-1

[Event "British Rapidplay"]
[Site "Halifax ENG"]
[Date "2010.11.20"]
[Round "3"]
[White "Hebden, Mark L"]
[Black "Shaw, Peter"]
[Result "1-0"]
[WhiteTitle "GM"]
[WhiteElo "2560"]
[BlackElo "2166"]
[WhiteFideId "400084"]
[BlackFideId "411361"]
[EventDate "2010.11.20"]

1. d4 d5 2. Nf3 Nf6 3. c4 c6 4. e3 Bg4 5. h3 Bxf3 6. Qxf3 e6 7. Nc3 Nbd7 8. Bd2
Bd6 9. g4 h6 10. O-O-O Qc7 11. Kb1 O-O-O 12. Rc1 dxc4 13. Bxc4 Nb6 14. Bb3 Kb8
15. h4 Qe7 16. g5 hxg5 17. hxg5 Nfd5 18. Ne4 Bb4 19. Bxb4 Nxb4 20. Nc5 Nd7 21.
Qg3+ Kc8 22. Ne4 Nb6 23. Rxh8 Rxh8 24. Nd6+ Kd8 25. Nxf7+ Qxf7 26. Qd6+ Qd7 27.
Qxb4 Kc7 28. Qa5 Kb8 29. Qe5+ Qc7 30. Qxe6 a5 31. a3 Rh2 32. f4 a4 33. Ba2 Nd7
34. d5 Qb6 35. Qd6+ Ka7 36. Qb4 Qxb4 37. axb4 cxd5 38. Bxd5 Nb6 39. Be6 Re2 40.
Rc3 Ka6 41. Ka2 Kb5 42. Ka3 Re1 43. Rc5+ Ka6 44. Ra5# 1-0

[Event "British Rapidplay"]
[Site "Halifax ENG"]
[Date "2010.11.20"]
[Round "3"]
[White "Woolley, Jos"]
[Black "Turner, Matthew J"]
[Result "1/2-1/2"]
[BlackTitle "GM"]
[WhiteElo "2099"]
[BlackElo "2517"]
[WhiteFideId "410250"]
[BlackFideId "402893"]
[EventDate "2010.11.20"]

1. b3 d5 2. Nf3 Nf6 3. Bb2 c6 4. e3 Bg4 5. h3 Bxf3 6. Qxf3 Nbd7 7. d4 e6 8. Bd3
Bb4+ 9. c3 Bd6 10. Qe2 e5 11. dxe5 Bxe5 12. O-O O-O 13. Nd2 Qa5 14. Rfc1 Rfe8
15. Nf3 Bd6 16. c4 Ba3 17. Rd1 Bxb2 18. Qxb2 Qb4 19. a3 Qe7 20. Bf1 a5 21. Nd4
Qe5 22. Qc2 g6 23. cxd5 Nxd5 24. Rac1 N7f6 25. Nf3 Qe7 26. Qb2 Rad8 27. Rd4 Nb6
28. Rcd1 Rxd4 29. Qxd4 Nbd5 30. a4 Qe4 31. Bc4 Qxd4 32. Rxd4 Kf8 33. Bxd5 Nxd5
34. Nd2 Nb6 35. e4 Ke7 36. Kf1 Rd8 37. Rxd8 Kxd8 38. Ke2 Ke7 39. Kd3 Nd7 40. f4
b5 41. Kd4 f6 42. g4 h6 43. h4 g5 44. fxg5 fxg5 45. hxg5 hxg5 46. e5 c5+ 47. Kd5
bxa4 48. bxa4 Nb6+ 49. Kxc5 Nxa4+ 50. Kb5 1/2-1/2

[Event "British Rapidplay"]
[Site "Halifax ENG"]
[Date "2010.11.20"]
[Round "3"]
[White "Sherwin, James T"]
[Black "Hart, David P O"]
[Result "0-1"]
[WhiteTitle "IM"]
[WhiteElo "2246"]
[BlackElo "2018"]
[WhiteFideId "2000997"]
[BlackFideId "412465"]
[EventDate "2010.11.20"]

1. d4 Nf6 2. Nf3 e6 3. c4 b6 4. g3 Bb7 5. Bg2 Be7 6. Nc3 O-O 7. Bd2 Ne4 8. O-O
Bf6 9. Qc2 Nxd2 10. Qxd2 d6 11. Rad1 c5 12. d5 Bxc3 13. Qxc3 e5 14. e4 Bc8 15.
Ne1 f5 16. f4 Nd7 17. exf5 Rxf5 18. Bh3 Rf6 19. Be6+ Kh8 20. Nd3 exf4 21. Nxf4
Ne5 22. Bxc8 Rxc8 23. Ne6 Qe7 24. Rxf6 Qxf6 25. Rf1 Qg6 26. Qe3 h6 27. b3 a6 28.
Qf4 b5 29. Qh4 bxc4 30. bxc4 Re8 31. Nf4 Qe4 32. Qh5 Rb8 33. Ne6 Qxc4 34. Qf5
Qxd5 35. Nf8 Qd4+ 36. Kg2 g6 37. Qf6+ Kg8 38. Ne6 Rb2+ 39. Rf2 Rxf2+ 40. Qxf2
Qxf2+ 41. Kxf2 Kf7 42. Nc7 a5 43. Ke2 Kf6 44. Ke3 Kf5 45. Nb5 d5 46. Nd6+ Ke6
47. Nb7 c4 48. Nxa5 0-1

[Event "British Rapidplay"]
[Site "Halifax ENG"]
[Date "2010.11.20"]
[Round "4"]
[White "Howell, David W L"]
[Black "Summerscale, Aaron P"]
[Result "1-0"]
[WhiteTitle "GM"]
[BlackTitle "GM"]
[WhiteElo "2611"]
[BlackElo "2434"]
[WhiteFideId "410608"]
[BlackFideId "400980"]
[EventDate "2010.11.20"]

1. e4 e6 2. d4 d5 3. Nd2 c5 4. Ngf3 Nf6 5. exd5 exd5 6. Bb5+ Bd7 7. Bxd7+ Nbxd7
8. O-O Be7 9. dxc5 Nxc5 10. Re1 O-O 11. Nf1 Re8 12. Be3 b5 13. Nd4 Qd7 14. Qf3
Bf8 15. Rad1 Rac8 16. h3 Nce4 17. Re2 b4 18. Nf5 Qa4 19. Bd4 Rxc2 20. Rxc2 Qxc2
21. N1e3 Qc6 22. Bxa7 g6 23. Ng3 Nxg3 24. Qxg3 Qa4 25. Qf3 Qxa7 26. Qxf6 Qxa2
27. Nxd5 Qb3 28. Rd2 Qc4 29. Kh2 Bg7 30. Qf3 Be5+ 31. g3 Kg7 32. Kg2 h5 33. Re2
Re6 34. Rxe5 1-0

[Event "British Rapidplay"]
[Site "Halifax ENG"]
[Date "2010.11.20"]
[Round "4"]
[White "Turner, Matthew J"]
[Black "Palliser, Richard J D"]
[Result "1-0"]
[WhiteTitle "GM"]
[BlackTitle "IM"]
[WhiteElo "2517"]
[BlackElo "2445"]
[WhiteFideId "402893"]
[BlackFideId "407372"]
[EventDate "2010.11.20"]

1. d4 Nf6 2. Nf3 g6 3. c4 Bg7 4. g3 c5 5. Bg2 cxd4 6. Nxd4 O-O 7. O-O d5 8. cxd5
Nxd5 9. Nb5 Be6 10. Bxd5 Bxd5 11. N1c3 Bxc3 12. Nxc3 Bc6 13. Bh6 Re8 14. b4 a6
15. a4 Qxd1 16. Rfxd1 b5 17. axb5 axb5 18. Rxa8 Bxa8 19. Nxb5 Na6 20. Ra1 Bb7
21. Rxa6 Bxa6 22. Nc7 Bb5 23. Nxb5 Rb8 24. Nc3 Rxb4 25. f3 f6 26. Bd2 Rb2 27.
Be1 Kf7 28. Kf2 Rc2 29. h4 Rc1 30. Ne4 Rb1 31. g4 Rb3 32. g5 f5 33. Nc5 Ra3 34.
Nd3 Ra4 35. Bb4 Ra1 36. Bc5 Rh1 37. Kg3 Ke8 38. Bf2 Ra1 39. Bd4 Rh1 40. Nf4 Kf7
41. Bf2 Rd1 42. e4 fxe4 43. fxe4 Ra1 44. Kg4 Rf1 45. Bg3 Rd1 46. h5 Rd4 47. Kf3
gxh5 48. Nxh5 Ra4 49. Nf4 Ra5 50. Bh4 Ra3+ 51. Kg4 Ra4 52. Kf5 e6+ 53. Ke5 Ra5+
54. Kd6 Ra6+ 55. Kd7 Ra7+ 56. Kc6 Ra4 57. g6+ hxg6 58. Nh3 g5 59. Nxg5+ Kg6 60.
Kb5 Rd4 61. Bf2 Rd2 62. Nh3 Rc2 63. Kb4 e5 64. Bc5 Kh5 65. Nf2 Re2 66. Kc3 Kg5
67. Kd3 Ra2 68. Be7+ Kg6 69. Ng4 Kf7 70. Bd6 Ke6 71. Bxe5 Rg2 72. Ne3 1-0

[Event "British Rapidplay"]
[Site "Halifax ENG"]
[Date "2010.11.20"]
[Round "4"]
[White "Haslinger, Stewart G"]
[Black "Woolley, Jos"]
[Result "1-0"]
[WhiteTitle "GM"]
[WhiteElo "2543"]
[BlackElo "2099"]
[WhiteFideId "405248"]
[BlackFideId "410250"]
[EventDate "2010.11.20"]

1. e4 e5 2. Nf3 Nc6 3. d4 exd4 4. Nxd4 Bc5 5. Nxc6 Qf6 6. Qf3 bxc6 7. Nd2 a5 8.
Nb3 Bb4+ 9. c3 a4 10. cxb4 Qxf3 11. gxf3 axb3 12. a3 Nf6 13. Bc4 d5 14. Bxb3 Ba6
15. Bg5 dxe4 16. Bxf6 gxf6 17. fxe4 Rg8 18. O-O-O Be2 19. Rhg1 Ke7 20. Rde1 Bf3
21. Rg3 Rxg3 22. hxg3 Rd8 23. Re3 Bg4 24. Rc3 Rd6 25. f3 Be6 26. Bxe6 fxe6 27.
Kc2 Rd8 28. Rxc6 Kd7 29. Rc5 Rg8 30. g4 e5 31. Kd3 Rb8 32. Rc2 Rd8 33. Ke3 Rh8
34. Rh2 h6 35. a4 c6 36. Kd3 Kc7 37. Kc4 Kb6 38. a5+ Kc7 39. Kc5 Rh7 40. Rd2 Rh8
41. Rd6 1-0

[Event "British Rapidplay"]
[Site "Halifax ENG"]
[Date "2010.11.20"]
[Round "4"]
[White "Rabbitte, Liam F"]
[Black "Birtwistle, Nigel"]
[Result "1-0"]
[WhiteElo "2034"]
[BlackElo "2229"]
[WhiteFideId "470902"]
[BlackFideId "406945"]
[EventDate "2010.11.20"]

1. e4 c5 2. Nc3 g6 3. f4 Bg7 4. Nf3 Nc6 5. g3 d6 6. Bg2 Nf6 7. d3 O-O 8. O-O Bg4
9. h3 Bxf3 10. Bxf3 Nd7 11. Be3 Rb8 12. Qd2 Nd4 13. Bg2 b5 14. Nd1 b4 15. c3
bxc3 16. bxc3 Nb5 17. a4 Nc7 18. f5 Ne5 19. fxg6 hxg6 20. Nf2 Ne6 21. Ng4 Nxg4
22. hxg4 Qa5 23. Rac1 Rb3 24. Bh6 Bxc3 25. Qa2 Bd4+ 26. Kh2 Rfb8 27. e5 Rb2 28.
Qd5 dxe5 29. Kh3 Qd8 30. Qf3 f6 31. Qc6 R8b6 32. Qe4 Kh7 33. g5 R2b4 34. Rc4
Rxc4 35. dxc4 Ng7 36. gxf6 Qd7+ 37. Kh2 exf6 38. Qh4 Nf5 39. Qh3 Rb2 40. Bc1+
Kg7 41. Bxb2 Bxb2 42. Bd5 Bd4 43. Rb1 Qxa4 44. Rb7+ 1-0

[Event "British Rapidplay"]
[Site "Halifax ENG"]
[Date "2010.11.20"]
[Round "5"]
[White "Hart, David P O"]
[Black "Turner, Matthew J"]
[Result "0-1"]
[BlackTitle "GM"]
[WhiteElo "2018"]
[BlackElo "2517"]
[WhiteFideId "412465"]
[BlackFideId "402893"]
[EventDate "2010.11.20"]

1. e4 c5 2. Nf3 g6 3. d4 cxd4 4. Nxd4 Bg7 5. c4 Nc6 6. Be3 Nf6 7. Nc3 O-O 8. Be2
b6 9. f4 Bb7 10. e5 Ne8 11. Bf3 Nc7 12. O-O Na5 13. b3 d6 14. Bxb7 Nxb7 15. Qf3
dxe5 16. Nc6 Qe8 17. Nxe5 Nd6 18. Rad1 Rd8 19. Ne4 Nxe4 20. Qxe4 Rd6 21. Qb7
Bxe5 22. fxe5 Qc6 23. Qxc6 Rxc6 24. Rd7 Re8 25. Bg5 Kf8 26. Bh6+ Kg8 27. Rfd1 a5
28. Kf2 f6 29. Ke3 fxe5 30. Rf1 Ne6 31. Rd5 Rc5 32. Ke4 Rxd5 33. Kxd5 Nd8 34.
Kxe5 Nf7+ 35. Rxf7 Kxf7 36. Be3 Rd8 37. Bxb6 Rd2 38. c5 Rxa2 39. c6 Ke8 40. Ke6
Re2+ 41. Kd5 Rb2 42. Kc4 a4 43. Bd4 Rxb3 0-1

[Event "British Rapidplay"]
[Site "Halifax ENG"]
[Date "2010.11.20"]
[Round "5"]
[White "Surtees, Mike J"]
[Black "Haslinger, Stewart G"]
[Result "0-1"]
[BlackTitle "GM"]
[WhiteElo "2151"]
[BlackElo "2543"]
[WhiteFideId "412619"]
[BlackFideId "405248"]
[EventDate "2010.11.20"]

1. e4 e5 2. a3 Nf6 3. d3 d5 4. f4 Nc6 5. fxe5 Nxe5 6. d4 Neg4 7. exd5 Nxd5 8.
Qe2+ Be7 9. h3 O-O 10. hxg4 Re8 11. Kd1 Bh4 12. Qd2 Bxg4+ 13. Nf3 Bxf3+ 14. gxf3
Ne3+ 15. Qxe3 Rxe3 16. Bxe3 Qf6 17. Be2 Re8 18. Bd2 Qxd4 19. Bd3 Qf2 20. Rf1 Qg2
21. Bf4 Bf2 22. Nd2 Rd8 23. a4 Rd4 24. Bxc7 Be3 0-1

[Event "British Rapidplay"]
[Site "Halifax ENG"]
[Date "2010.11.20"]
[Round "5"]
[White "Burnett, Jim"]
[Black "Kostic, Misa"]
[Result "0-1"]
[WhiteElo "2186"]
[BlackElo "2246"]
[WhiteFideId "402273"]
[BlackFideId "929662"]
[EventDate "2010.11.20"]

1. d4 Nf6 2. c4 g6 3. g3 Bg7 4. Bg2 O-O 5. Nc3 d6 6. Nf3 Nbd7 7. O-O e5 8. e4 c6
9. h3 Qb6 10. Re1 Ne8 11. d5 f5 12. Qc2 Ndf6 13. Ng5 Qd8 14. dxc6 bxc6 15. exf5
Bxf5 16. Qe2 h6 17. Nf3 e4 18. Nh4 d5 19. g4 Be6 20. Nxg6 Nd6 21. Nxf8 Qxf8 22.
cxd5 cxd5 23. f3 Re8 24. fxe4 dxe4 25. Be3 Bc4 26. Qf2 Bd3 27. Bf1 Nc4 28. Bc5
Qf7 29. Bxd3 exd3 30. Rxe8+ Qxe8 31. Re1 Qd7 32. Qd4 Nxb2 33. Nd1 Nd5 34. Qf2
Na4 35. Bd4 Nf4 36. Qxf4 Bxd4+ 37. Kf1 Nc5 38. Nf2 Kg7 39. Qf5 d2 40. Rd1 Qb5+
41. Kg2 Qe2 42. Qf3 Qe1 43. h4 Bxf2 44. Qxf2 Qxd1 45. Qd4+ Kf7 46. g5 Qe2+ 47.
Kg3 d1=Q 48. Qxd1 0-1

[Event "British Rapidplay"]
[Site "Halifax ENG"]
[Date "2010.11.20"]
[Round "6"]
[White "Woolley, Jos"]
[Black "Sherwin, James T"]
[Result "0-1"]
[BlackTitle "IM"]
[WhiteElo "2099"]
[BlackElo "2246"]
[WhiteFideId "410250"]
[BlackFideId "2000997"]
[EventDate "2010.11.20"]

1. e4 c5 2. Nf3 Nc6 3. Bb5 g6 4. O-O Bg7 5. Nc3 Nd4 6. Re1 a6 7. Bf1 d6 8. h3
Nf6 9. d3 Nxf3+ 10. Qxf3 O-O 11. Bg5 h6 12. Bd2 e5 13. a4 b6 14. Rab1 Be6 15. b4
Rc8 16. bxc5 Rxc5 17. Be2 Qc7 18. Nd1 Rxc2 19. Bxh6 Bxh6 20. Qxf6 Ba2 21. Ra1
Qd8 22. Qf3 b5 23. axb5 axb5 24. d4 exd4 25. Bxb5 Qb6 26. Bd3 Rd2 27. Re2 Rxe2
28. Qxe2 Be6 29. Rb1 Qc5 30. Qc2 Ra8 31. Nb2 Qxc2 32. Bxc2 0-1

[Event "British Rapidplay"]
[Site "Halifax ENG"]
[Date "2010.11.20"]
[Round "6"]
[White "Kostic, Misa"]
[Black "Hart, David P O"]
[Result "1/2-1/2"]
[WhiteElo "2246"]
[BlackElo "2018"]
[WhiteFideId "929662"]
[BlackFideId "412465"]
[EventDate "2010.11.20"]

1. e4 c5 2. Nf3 d6 3. d4 cxd4 4. Nxd4 Nf6 5. Nc3 Nc6 6. Bc4 Qb6 7. Nb3 e6 8. O-O
a6 9. a4 Be7 10. Qe2 Ne5 11. a5 Qc7 12. Bd3 Nxd3 13. cxd3 b5 14. Be3 O-O 15.
Rfc1 Qb7 16. Rc2 Bd7 17. Rac1 Rac8 18. Bb6 e5 19. Nd1 Rxc2 20. Rxc2 Rc8 21.
Rxc8+ Qxc8 22. d4 exd4 23. Nxd4 Qc1 24. f3 Be6 25. Qc2 Qxc2 26. Nxc2 Nd7 27. Nb4
d5 28. exd5 Bxb4 29. dxe6 fxe6 30. Kf1 Ne5 31. Nf2 Nc6 32. Nd3 Bxa5 33. Bxa5
Nxa5 34. Nc5 Nc4 35. b4 a5 36. bxa5 Nxa5 37. Nxe6 Nc6 38. Ke2 Kf7 39. Nc5 Kf6
40. Kd3 Ke5 41. g3 Kd5 42. Ne4 Ne5+ 43. Ke3 b4 44. h3 b3 45. f4 Nc4+ 46. Kd3 b2
47. Nc3+ Kc5 48. Kc2 Kd4 49. g4 Ke3 50. f5 Kf3 51. g5 Ne3+ 52. Kxb2 Nxf5 53. Kc2
Kg3 54. Kd3 Kxh3 55. Ke4 Kg4 56. Ke5 Kxg5 57. Ne4+ Kg6 58. Kf4 h5 59. Nc5 Nd6
60. Nd7 Nf7 61. Nf8+ Kf6 62. Nd7+ Ke7 63. Nc5 g5+ 64. Kf5 h4 65. Ne4 Nd6+ 66.
Kxg5 h3 67. Nf2 h2 68. Kg4 Ne4 69. Nh1 1/2-1/2

[Event "British Rapidplay"]
[Site "Halifax ENG"]
[Date "2010.11.20"]
[Round "6"]
[White "Fielding, Thomas"]
[Black "Surtees, Mike J"]
[Result "0-1"]
[WhiteElo "2113"]
[BlackElo "2151"]
[WhiteFideId "419532"]
[BlackFideId "412619"]
[EventDate "2010.11.20"]

1. d4 c6 2. c4 f6 3. Nc3 e5 4. Nf3 Bb4 5. g3 d6 6. Bg2 Ne7 7. O-O O-O 8. e4 Bxc3
9. bxc3 c5 10. Be3 b6 11. Ne1 Nbc6 12. Nc2 Na5 13. Qd3 Qe8 14. a4 Ba6 15. Na3
Qxa4 16. Nb5 Bxb5 17. Rxa4 Bxa4 18. Bh3 Be8 19. Be6+ Bf7 20. Bxf7+ Rxf7 21. Ra1
Nac6 22. f4 Rff8 23. fxe5 fxe5 24. Rf1 Rxf1+ 25. Qxf1 a5 26. dxc5 dxc5 27. Qb1
Nc8 28. Qb5 N8e7 29. Bc1 Rb8 30. Qa6 h6 31. Qb5 Rb7 32. Qb1 Rd7 33. Kg2 Nc8 34.
Qb5 Rd6 35. Qa6 N6e7 36. Qb7 Rd1 37. Be3 Rd3 38. Kf2 Rxc3 39. Qd7 Kh7 40. Qe6 a4
41. Qxe5 Rc2+ 42. Kf3 a3 43. g4 Ng6 44. Qf5 Ne7 45. Qe6 a2 46. Bxh6 a1=Q 0-1

[Event "British Rapidplay"]
[Site "Halifax ENG"]
[Date "2010.11.21"]
[Round "7"]
[White "Hebden, Mark L"]
[Black "Howell, David W L"]
[Result "0-1"]
[WhiteTitle "GM"]
[BlackTitle "GM"]
[WhiteElo "2560"]
[BlackElo "2611"]
[WhiteFideId "400084"]
[BlackFideId "410608"]
[EventDate "2010.11.20"]

1. d4 Nf6 2. Nf3 d5 3. c4 e6 4. Bg5 dxc4 5. Qa4+ Nbd7 6. e4 h6 7. Bxf6 Qxf6 8.
Nbd2 c6 9. e5 b5 10. exf6 bxa4 11. fxg7 Bxg7 12. Nxc4 c5 13. Rd1 O-O 14. Be2 Bb7
15. O-O Rab8 16. Nfe5 Rfd8 17. Nxd7 Rxd7 18. dxc5 Rc7 19. b4 axb3 20. axb3 Bd5
21. Ne3 Bxb3 22. Rb1 a5 23. Rfc1 a4 24. Bd1 Rb5 25. c6 Bd4 26. Kf1 Rb6 27. Bxb3
Rxb3 28. Ke2 Bb2 29. Rc4 a3 30. Nc2 a2 31. Rd1 Bf6 32. Rd7 Rxd7 33. cxd7 Rb2 34.
Kd3 Rxc2 35. Ra4 Rxf2 0-1